Catálogo
 En Linea

Prosas, versos y décimas para tí / (Registro nro. 51128)

Detalles MARC
000 -CABECERA
campo de control de longitud fija 00695nam a2200217 a 4500
003 - IDENTIFICADOR DEL NÚMERO DE CONTROL
campo de control DO-SdBNP
005 - FECHA Y HORA DE LA ÚLTIMA TRANSACCIÓN
campo de control 20240305124236.0
007 - CAMPO FIJO DE DESCRIPCIÓN FÍSICA--INFORMACIÓN GENERAL
campo de control de longitud fija ta
008 - DATOS DE LONGITUD FIJA--INFORMACIÓN GENERAL
campo de control de longitud fija 211215e2020 dr ao||gr|||| 001 p spa d
040 ## - FUENTE DE LA CATALOGACIÓN
Centro catalogador/agencia de origen DO-SdBNP
Lengua de catalogación spa
Centro/agencia transcriptor BNPHU
082 #4 - NÚMERO DE LA CLASIFICACIÓN DECIMAL DEWEY
Número de edición 22
Número de documento/Ítem G216p
100 1# - ENTRADA PRINCIPAL--NOMBRE DE PERSONA
9 (RLIN) 56328
Nombre de persona García Alba, María,
Fechas asociadas al nombre 1961-
245 10 - MENCIÓN DE TÍTULO
Título Prosas, versos y décimas para tí /
Resto del título María García Alba; Editor, Leo Silverio
260 ## - PUBLICACIÓN, DISTRIBUCIÓN, ETC.
Lugar de publicación, distribución, etc. Santo Domingo :
Nombre del editor, distribuidor, etc. Café Ritual,
Fecha de publicación, distribución, etc. 2020
300 ## - DESCRIPCIÓN FÍSICA
Extensión 52 p. :
Otras características físicas il., fotogr. ;
Dimensiones 23 cm.
500 ## - NOTA GENERAL
Nota general Incluye datos biográficos de la autora en la solapa de la cubierta.
590 ## - NOTA LOCAL (RLIN)
Nota local Inventariado 2021 / MF
700 1# - PUNTO DE ACCESO ADICIONAL--NOMBRE DE PERSONA
Nombre de persona Silverio, Leo
9 (RLIN) 75122
910 ## - DATOS DE OPCIÓN DEL USUARIO (OCLC)
Datos de opción del usuario MFeliz
942 ## - ELEMENTOS DE PUNTO DE ACCESO ADICIONAL (KOHA)
Fuente del sistema de clasificación o colocación Dewey Decimal Classification
Tipo de ítem Koha Libro
Existencias
Estado de retiro Estado de pérdida Fuente del sistema de clasificación o colocación Restricciones de uso No para préstamo Código de colección Localización permanente Ubicación/localización actual Ubicación en estantería Fecha de adquisición Fuente de adquisición Total de préstamos Signatura topográfica completa Código de barras Fecha visto por última vez Precio válido a partir de Tipo de ítem Koha Número de copia
    Dewey Decimal Classification Préstamo en sala   Patrimonio Dominicano Biblioteca Nacional Pedro Henríquez Ureña Dominicana Depósito 03.03.2020 Depósito legal / María García   G216p 2021-28597 15.12.2021 15.12.2021 Libro y Folleto Colección Patrimonio Dominicano e.2
    Dewey Decimal Classification Excluido de préstamo   Patrimonio Dominicano Biblioteca Nacional Pedro Henríquez Ureña Patrimonio Dominicano Depósito 03.03.2020 Depósito legal / María García   G216p 2021-28595 15.12.2021 15.12.2021 Libro y Folleto Colección Patrimonio Dominicano  
    Dewey Decimal Classification Excluido de préstamo   Patrimonio Dominicano Biblioteca Nacional Pedro Henríquez Ureña Patrimonio Dominicano Depósito 03.03.2020 Depósito legal / María García   G216p 2021-28596 15.12.2021 15.12.2021 Libro y Folleto Colección Patrimonio Dominicano e.2

Con tecnología Koha